Olympics medal table - Sailing - Statistics

General Stats
  • This quiz has been taken 30 times
  • The average score is 13 of 15
Answer Stats
Total Gold Silver Bronze Nation % Correct
61 19 23 19 United States
100%
29 13 8 8 Australia
97%
49 15 14 20 France
97%
64 31 21 12 Great Britain
97%
32 17 11 4 Norway
90%
37 10 14 13 Sweden
90%
31 13 9 9 Denmark
87%
15 4 3 8 Italy
87%
23 9 8 6 New Zealand
87%
15 3 5 7 Germany
83%
21 13 5 3 Spain
83%
19 8 3 8 Brazil
80%
11 2 2 7 Finland
77%
26 8 9 9 Netherlands
77%
12 4 5 3 Soviet Union
63%
No matching quizzes found
Score Distribution
Percent of People with Each Score
Percentile by Number Answered
Your Score History
You have not taken this quiz